00327pab a2200121 454500008004000000100001900040245006700059260000900126300001000135362001100145650001700156773003200173180718b1985 xxu||||| |||| 00| 0 eng d aKnox, James E. aEstablishing a public affairs office in the federal government c1985 a173-9 aSummer aOrganisation aPublic Personnel Management